000 00628cam a22002173a 4500
001 45506
003 PGUSA
005 20140828084043.0
008 140427s2014||||xxu|||||s|||||000 | eng d
040 _aPGUSA
_beng
042 _adc
100 1 _aAbbott, Edwin Abbott,
_d1838-1926
245 1 0 _aFlatland :
_bA Romance of Many Dimensions
_h[electronic resource] /
_cEdwin Abbott Abbott
260 _bProject Gutenberg,
_c2014
506 _aPublic domain in the USA.
516 _aElectronic text
700 1 _aSquare, A
830 0 _aProject Gutenberg
_v45506
856 4 0 _uhttp://www.gutenberg.org/ebooks/45506
942 _cEB
999 _c274757
_d274757